| 000 | 00000nam 2200000za 4500 |
| 001 | 9.863052 |
| 003 | CaOODSP |
| 005 | 20241203113644 |
| 007 | cr ||||||||||| |
| 008 | 181011t19811982oncd #ob f000 0 eng d |
| 020 | |z0-662-12033-7 |
| 040 | |aCaOODSP|beng |
| 041 | |aeng|bfre |
| 043 | |an-cn-on |
| 086 | 1 |aEn36-503/122E-PDF|zEn36-503/122E |
| 100 | 1 |aSangal, B. P., |d1929- |
| 245 | 12|aA practical method of estimating peak from mean daily flows with application to streams in Ontario |h[electronic resource] / |cB.P. Sangal. |
| 260 | |aOttawa : |bEnvironment Canada, National Hydrology Research Institute, Inland Waters Directorate, |c1981, c1982. |
| 300 | |avii, 242 p. : |bgraphs |
| 490 | 1 |aIWD technical bulletin ; |vno. 122 |
| 490 | 0 |aNHRI paper ; |vno. 16 |
| 500 | |aDigitized edition from print [produced by Environment and Climate Change Canada]. |
| 504 | |aIncludes bibliographical references. |
| 520 | |a"A practical method has been suggested for estimating peak flow. The method uses variables that are the mean daily flows of three consecutive days, with the maximum mean daily flow occupying the middle position. A parameter, the value of which lies between zero and two, is designated as base factor K and has a governing influence on the estimated peak. The predicting formula employed assumes that the K value is equal to one"--Abstract, p. v. |
| 546 | |aIncludes abstract in French. |
| 692 | 07|2gccst|aStreams |
| 692 | 07|2gccst|aWater management |
| 692 | 07|2gccst|aMethodology |
| 710 | 1 |aCanada. |bEnvironment Canada. |
| 710 | 2 |aNational Hydrology Research Institute (Canada) |
| 710 | 1 |aCanada. |bInland Waters Directorate. |
| 830 | #0|aTechnical bulletin (Canada. Inland Waters Directorate)|vno. 122.|w(CaOODSP)9.861123 |
| 856 | 40|qPDF|s46.09 MB|uhttps://publications.gc.ca/collections/collection_2018/eccc/en36-503/En36-503-122-eng.pdf |